Normal view
MARC view
- Yamagata, Yoshiki
Entry Personal Name
001 - CONTROL NUMBER
- control field: 111816
003 - CONTROL NUMBER IDENTIFIER
- control field: NUST
005 - DATE AND TIME OF LATEST TRANSACTION
- control field: 20230412164639.0
008 - FIXED-LENGTH DATA ELEMENTS
- fixed length control field: 230412|| aca||aabn | a|a d
040 ## - CATALOGING SOURCE
- Original cataloging agency: NUST
- Transcribing agency: NUST
100 ## - HEADING--PERSONAL NAME
- Personal name: Yamagata, Yoshiki
670 ## - SOURCE DATA FOUND
- Source citation: Work cat.: (NUST)0: Resilience-Oriented Urban Planning :
